000
00297nam a22001457a 4500
999
_c
166036
_d
166036
082
_a
909.03
_b
100
_a
245
_a
Oxford dictionary of world history/
_c
260
_a
New Delhi:
_b
Oxford,
_c
2006.
300
_a
712p.
490
_a
650
_a
700
_a
942
_c
BK